Niemieckie nazwy dzielnic Gdyni - Statystyki

Ogólne statystyki
  • Ten quiz został rozwiązany 18 razy
  • Średni wynik to 9 z 15
Statystyki odpowiedzi
Niemiecka nazwa Dzielnica % Poprawnych
Grabau Grabówek
92%
Wittomin Witomino
85%
Oblusch Obłuże
77%
Redlau Redłowo
77%
Großkatz Wielki Kack
77%
Kleinkatz Mały Kack
69%
Stadtmitte Śródmieście
69%
Zissau Cisowa
62%
Oxhöft Oksywie
62%
Spechtswalde, Demptau Pustki Cisowskie-Demptowo
54%
Adlershorst Orłowo
46%
Kielau Chylonia
38%
Steinberg Kamienna Góra
31%
Baltenberg Wzgórze św. Maksymiliana
31%
Hasselgrund Leszczynki
23%
Nie znaleziono quizów pasujących do podanych kryteriów
Rozkład punktacji
Procent ludzi z każdym wynikiem
Percentyl według liczby udzielonych odpowiedzi
Twoja historia wyników
Nie rozwiązałeś tego quizu